000 00662nam a2200193 i 4500
001 20156
003 ES-MaACL
005 20230906152239.0
007 t|
008 021107s1864 sp f |||| | spa d
100 1 _aAguado, Ramón Romualdo.
_918613
245 1 0 _aTratado del arbolista
_b: teórico y práctico /
_cpor Ramón Romualdo.
260 _aMadrid :
_b[s.n.],
_c1864 (
_fLeocadio López)
300 _a487 p., [4] h. de lám. :
_bil. ;
_c18 cm.
530 _aDisponible en formato digital.
650 4 _aÁrboles.
_9160464
852 _aES-MaACL
_jG-7862
856 _uhttp://bdh-rd.bne.es/viewer.vm?id=0000117653&page=1
_zBiblioteca Digital Hispánica
999 _c20156
_d20156